Statistiche per Paesi insulari

Clicka qui per fare il quiz!

Statistiche generali

  • Questo quiz è stato fatto 5.805 volte
  • Il punteggio medio è 33 su 47

Statistiche sulle risposte

SuperficiePaese% Corretto
270,467Nuova Zelanda
93%
587,041Madagascar
92%
377,930Giappone
90%
109,884Cuba
90%
316Malta
90%
1,904,569Indonesia
89%
103,000Islanda
87%
9,251Cipro
86%
242,900Regno Unito
86%
103,000Irlanda
86%
65,610Sri Lanka
81%
27,750Haiti
80%
300Maldive
79%
342,353Filippine
78%
452Seychelles
74%
4,033Capo Verde
74%
18,272Figi
74%
462,840Papua Nuova Guinea
72%
13,943Bahamas
72%
10,991Giamaica
71%
36,193Taiwan
71%
48,671Repubblica Dominicana
71%
702Stati Federati di
Micronesia
70%
181Isole Marshall
69%
2,040Mauritius
68%
616St. Lucia
68%
28,896Isole Salomone
66%
430Barbados
66%
5,130Trinidad e Tobago
66%
261Saint Kitts e Nevis
64%
26Tuvalu
64%
1,862Comoros
63%
459Palau
63%
747Tonga
63%
21Nauru
62%
2,842Samoa
62%
965Sao Tome e Principe
62%
12,189Vanuatu
62%
751Dominica
61%
389Saint Vincent e
Grenadine
61%
442Antigua e Barbuda
60%
811Kiribati
60%
344Grenada
57%
710Singapore
53%
14,874Timor Est
51%
5,765Brunei
48%
765Bahrain
31%

Distribuzione punteggi

Percentile per numero di risposta

Percentuale di utenti per punteggio

I tuoi punteggi nel tempo

Non hai fatto questo quiz